000 01690nam0a2200373 4500
001 RU\NLR\bibl\173236
005 20260406063744.0
021 _aRU
_b2001-13520
_9637
035 _a(NLR Aleph) 000170006
090 _a979548
_c979548
100 _a20010606d2000 |||y0rusy50 ca
101 0 _arus
102 _aRU
105 _aa |||||||||
200 1 _aВопросы методологии обоснования предельной безопасности сложных ядерно- и радиационно-опасных систем
_fЕ. А. Иванов, С. В. Чернов
210 _aОбнинск
_cФЭИ
_d2000
215 _a22 с.
_cил.
_d21
225 1 _aПрепринт
_fГос. науч. центр РФ-Физ.-энергет. ин-т им. А. И. Лейпунского
_vФЭИ-2845
320 _aБиблиогр.: с. 22
606 0 _aЯдерная техника
_xБезопасность
_92032780
_3RU\NLR\auth\661220809
606 0 _aРадиационная безопасность
_91535549
_3RU\NLR\auth\66669118
610 0 _aЯдерные реакторы - Аварии - Математическое моделирование
675 _a621.039.58.001.573
_v3
_zrus
686 _a58
_2rugasnti
686 _a31.46
_2rubbk
686 _aЗ4н636
700 1 _4070
_8rus
_7ca
_aИванов
_bЕ.А.
_cканд. физ.-мат. наук
_gЕвгений Анатольевич
_3RU\NLR\auth\7713721
_9123403
701 1 _aЧернов
_gСергей Викторович
_4070
801 0 _aRU
_bRKP
_c20010606
_gPSBO
801 1 _aRU
_bRKP
_c20010606
801 2 _aRU
_bNLR
_c20091028
_grcr
942 _cBOOK
980 _aNB